000 01039nam a2200265 i 4500
001 153672
003 ES-MaACL
005 20251012190835.0
008 970226s1894 fr af |||| | fre d
100 1 _aErauso, Catalina de.
_947355
245 1 3 _aLa nonne Alferez /
_c[traduction de] José-María de Heredia ; illustrations de Daniel Vierge gravées par Privat-Richard.
260 _aParis :
_bAlphonse Lemerre, éditeur,
_c1894.
300 _a[4], VII, 175 p. :
_bil. ;
_c15 cm.
490 1 _aCollection Lemerre illustrée
510 3 _aWWW CCFr, 27/01/05
594 _aSegún CCFr, la autora es Catalina de Erauso y José María de Heredia el traductor.
597 _aMarca tip. en port.
597 _aGrab. intercalados en el texto.
700 1 _aVierge, Daniel (
_d1851-1904)
_9114593
700 1 _aPrivat-Richard.
_9131379
700 1 _aHeredia, José Maria de,
_d1842-1905
_9151325
830 0 _aCollection Lemerre illustrée
_9221430
852 _aES-MaACL
_jD-4808
_z. - Enc. hol. grab.
999 _c153672
_d153672